[Event "Provincial-ch Vila Real"]
[Site "Vila Real"]
[Date "2014.11.08"]
[Round "5.7"]
[White "Rivera Lirio, Francisco"]
[Black "Arroyo Cabrera, Andres"]
[Result "0-1"]
[WhiteElo "1494"]
[BlackElo "1744"]
[PlyCount "56"]
[EventDate "2014.09.27"]
[EventType "swiss"]
[EventRounds "7"]
[EventCountry "ESP"]
[SourceTitle "EXT 2024"]
[Source "ChessBase"]
[SourceDate "2023.10.10"]
[SourceVersion "1"]
[SourceVersionDate "2023.10.10"]
[SourceQuality "1"]

1. d4 Nf6 2. Nf3 e6 3. g3 d5 4. Bg2 Nbd7 5. 0-0 c6 6. b3 Ne4 7. Bb2 Ndf6 8. Ne5 h6 9. f3 Ng5 10. Nd2 Nd7 11. Nxd7 Bxd7 12. c4 Bb4 13. Nb1 f5 14. c5 0-0 15. Bc1 Qf6 16. a3 Ba5 17. Bf4 Nf7 18. e4 g5 19. Be3 Bc7 20. e5 Qg6 21. f4 g4 22. Nc3 h5 23. h3 gxh3 24. Bxh3 Qxg3+ 25. Bg2 Qxe3+ 26. Kh2 Nh6 27. Qxh5 Ng4+ 28. Kh1 Rf7 0-1

[Event "Provincial-ch Vila Real"]
[Site "Vila Real"]
[Date "2014.09.27"]
[Round "1.2"]
[White "Aymerich Rosell, Pablo"]
[Black "Arroyo Cabrera, Andres"]
[Result "1-0"]
[WhiteElo "2163"]
[BlackElo "1744"]
[PlyCount "95"]
[EventDate "2014.09.27"]
[EventType "swiss"]
[EventRounds "7"]
[EventCountry "ESP"]
[SourceTitle "EXT 2024"]
[Source "ChessBase"]
[SourceDate "2023.10.10"]
[SourceVersion "1"]
[SourceVersionDate "2023.10.10"]
[SourceQuality "1"]

1. d4 Nf6 2. c4 g6 3. Nc3 Bg7 4. e4 d6 5. Be2 b6 6. Nf3 0-0 7. 0-0 Bg4 8. Be3 Bxf3 9. Bxf3 e5 10. d5 Nbd7 11. Rc1 h6 12. b4 a6 13. Qd2 Kh7 14. Rc2 Ng8 15. Be2 Qh4 16. Rfc1 Qe7 17. Na4 Ndf6 18. f3 Qd7 19. Nb2 h5 20. c5 Rfc8 21. cxb6 cxb6 22. Rxc8 Rxc8 23. Bxa6 Rxc1+ 24. Qxc1 Bh6 25. Bxh6 Nxh6 26. Qc6 Qd8 27. Nc4 Ne8 28. Qxb6 Qh4 29. Qf2 Qf4 30. Qe3 Qf6 31. Bb5 Nc7 32. Bc6 Na6 33. b5 Nc5 34. b6 Qe7 35. a4 f5 36. b7 Nxb7 37. Qa7 Qh4 38. Qxb7+ Kg8 39. Qb8+ Kg7 40. Qa7+ Kh8 41. Qf2 Qd8 42. h3 fxe4 43. fxe4 Kg7 44. a5 Nf7 45. a6 Qb8 46. a7 Qb1+ 47. Qf1 Qxe4 48. Qxf7+ 1-0

[Event "Quart de Poblet Sub2300 1st"]
[Site "Quart de Poblet"]
[Date "2013.07.21"]
[Round "4.13"]
[White "Arroyo Cabrera, Andres"]
[Black "Luque Martin, Jonathan"]
[Result "1/2-1/2"]
[WhiteElo "1729"]
[BlackElo "1999"]
[PlyCount "85"]
[EventDate "2013.07.20"]
[EventType "swiss"]
[EventRounds "7"]
[EventCountry "ESP"]
[SourceTitle "EXT 2024"]
[Source "ChessBase"]
[SourceDate "2023.10.10"]
[SourceVersion "1"]
[SourceVersionDate "2023.10.10"]
[SourceQuality "1"]

1. e4 e5 2. Nc3 Nf6 3. Nf3 Nc6 4. Bc4 Be7 5. 0-0 0-0 6. d4 d6 7. h3 h6 8. a4 Re8 9. d5 Nb8 10. Be3 Nbd7 11. b4 Nf8 12. Bb5 N6d7 13. a5 a6 14. Ba4 Nh7 15. Qd2 Rf8 16. Nh2 Bg5 17. f4 exf4 18. Bxf4 Ne5 19. Nf3 Bxf4 20. Qxf4 Ng6 21. Qg3 Bd7 22. Bxd7 Qxd7 23. Nh4 Nxh4 24. Qxh4 Rae8 25. Qf4 Qe7 26. Rf2 Qe5 27. Qxe5 Rxe5 28. Rf5 Rfe8 29. b5 Ng5 30. Rxe5 Rxe5 31. bxa6 bxa6 32. Ra4 Nh7 33. Rc4 Nf6 34. Rxc7 Nxe4 35. Nxe4 Rxe4 36. Rc8+ Kh7 37. c4 Kg6 38. Rc6 f6 39. Rxa6 Rxc4 40. Rxd6 Ra4 41. a6 Kf5 42. Re6 Ra5 43. g4+ 1/2-1/2

[Event "Provincial-ch Vila Real"]
[Site "Vila Real"]
[Date "2012.11.17"]
[Round "6"]
[White "Arroyo Cabrera, Andres"]
[Black "Rivera Lirio, Francisco"]
[Result "1-0"]
[WhiteElo "1706"]
[BlackElo "1544"]
[PlyCount "75"]
[EventDate "2012.10.06"]
[EventType "swiss"]
[EventRounds "7"]
[EventCountry "ESP"]
[SourceTitle "EXT 2024"]
[Source "ChessBase"]
[SourceDate "2023.10.10"]
[SourceVersion "1"]
[SourceVersionDate "2023.10.10"]
[SourceQuality "1"]

1. e4 c5 2. Nc3 Nc6 3. g3 Nf6 4. Bg2 g6 5. d3 Bg7 6. Be3 d6 7. Qd2 0-0 8. Bh6 Nb4 9. Bxg7 Kxg7 10. a3 Na6 11. Nf3 Nc7 12. 0-0 Bd7 13. Nh4 e5 14. f4 Qe7 15. f5 Rab8 16. Rf2 Qd8 17. Raf1 Nce8 18. Nd5 h6 19. fxg6 fxg6 20. b4 b6 21. c4 Be6 22. Ne3 Qd7 23. Nd5 Bxd5 24. cxd5 Nc7 25. a4 Qxa4 26. bxc5 bxc5 27. Bh3 Qd4 28. Bf5 Rb3 29. Qa5 Nb5 30. Nxg6 Rb8 31. Ne7 Qxd3 32. Kg2 Nd4 33. Bg6 Rb2 34. Kh3 Rxf2 35. Rxf2 Qe3 36. Qc7 Qxf2 37. Nf5+ Kxg6 38. Qg7+ 1-0

[Event "Provincial-ch Vila Real"]
[Site "Vila Real"]
[Date "2012.11.03"]
[Round "4"]
[White "Arroyo Cabrera, Andres"]
[Black "Espinosa Edo, Marc"]
[Result "1-0"]
[WhiteElo "1706"]
[BlackElo "1449"]
[PlyCount "95"]
[EventDate "2012.10.06"]
[EventType "swiss"]
[EventRounds "7"]
[EventCountry "ESP"]
[SourceTitle "EXT 2024"]
[Source "ChessBase"]
[SourceDate "2023.10.10"]
[SourceVersion "1"]
[SourceVersionDate "2023.10.10"]
[SourceQuality "1"]

1. d4 f5 2. c4 Nf6 3. Nc3 g6 4. Nf3 Bg7 5. Qc2 0-0 6. e4 d6 7. Bf4 Qe8 8. Bd3 Nh5 9. Bd2 e5 10. d5 Nf4 11. Bxf4 exf4 12. 0-0 Na6 13. Rfe1 Nb4 14. Qd2 Bxc3 15. Qxc3 Nxd3 16. Qxd3 Bd7 17. e5 dxe5 18. Rxe5 Qf7 19. Rae1 Rfe8 20. h3 Rxe5 21. Rxe5 Re8 22. Rxe8+ Qxe8 23. Qb3 b6 24. Qc3 Qe4 25. a3 b5 26. b3 a5 27. Ng5 Qe7 28. Ne6 Bxe6 29. dxe6 Qxa3 30. cxb5 Qb4 31. Qd3 Qe1+ 32. Kh2 Qxf2 33. Qd8+ Kg7 34. Qxc7+ Kf6 35. Qc3+ Kxe6 36. Qc6+ Ke5 37. Qc3+ Kd5 38. Qc4+ Ke5 39. Qc7+ Kf6 40. Qd6+ Kg5 41. Qd8+ Kh5 42. Qd3 Qe3 43. Qxe3 fxe3 44. Kg1 f4 45. b6 Kh4 46. b7 Kg3 47. b8Q e2 48. Qe5 1-0

[Event "Castellon Provincial-ch"]
[Site "Castellon"]
[Date "2011.11.12"]
[Round "5.11"]
[White "Arroyo Cabrera, Andres"]
[Black "Gimeno Simo, Sergio"]
[Result "1/2-1/2"]
[WhiteElo "1697"]
[BlackElo "1559"]
[PlyCount "132"]
[EventDate "2011.10.01"]
[EventType "swiss"]
[EventRounds "7"]
[EventCountry "ESP"]
[SourceTitle "EXT 2024"]
[Source "ChessBase"]
[SourceDate "2023.10.10"]
[SourceVersion "1"]
[SourceVersionDate "2023.10.10"]
[SourceQuality "1"]

1. Nc3 Nf6 2. e4 e5 3. Nf3 Nc6 4. Bb5 d6 5. d4 exd4 6. Nxd4 Bd7 7. Bf4 a6 8. Nxc6 bxc6 9. Bc4 Be6 10. Bxe6 fxe6 11. e5 Nd5 12. Nxd5 cxd5 13. 0-0 g6 14. c3 Bg7 15. Qa4+ Qd7 16. Qxd7+ Kxd7 17. exd6 cxd6 18. Rfd1 Rab8 19. Rab1 Rhf8 20. Be3 Rfc8 21. Kf1 Rb7 22. Bd4 Bh6 23. g3 Rcb8 24. b3 Rf8 25. Ke2 Kc6 26. c4 Rf5 27. f4 dxc4 28. bxc4 Rxb1 29. Rxb1 Ra5 30. Rb6+ Kc7 31. Rb2 Rh5 32. h4 e5 33. fxe5 dxe5 34. Bb6+ Kd7 35. Kf3 Rf5+ 36. Ke4 Bg7 37. c5 Rf1 38. Rd2+ Ke6 39. c6 Rf8 40. c7 Bf6 41. a4 Be7 42. Rc2 Rc8 43. Rc6+ Kd7 44. Kd5 e4 45. Re6 e3 46. Rxe3 Bd6 47. Rf3 Bxc7 48. Rf7+ Kd8 49. a5 Bxb6 50. axb6 Rc3 51. b7 Rb3 52. Rf8+ Kc7 53. Rf7+ Kb8 54. Kc6 Ka7 55. Rxh7 Rxg3 56. Rh8 Rc3+ 57. Kd5 Kxb7 58. Rh7+ Rc7 59. Rh8 a5 60. Re8 Rh7 61. Re4 Rh5+ 62. Kc4 Kc7 63. Rg4 Kb7 64. Kb3 Kc7 65. Ka4 Kb7 66. Rxg6 Rxh4+ 1/2-1/2

[Event "Castellon Provincial-ch"]
[Site "Castellon"]
[Date "2011.10.15"]
[Round "2.8"]
[White "Sanchiz Marti, Josep Miquel"]
[Black "Arroyo Cabrera, Andres"]
[Result "1-0"]
[WhiteElo "1986"]
[BlackElo "1697"]
[PlyCount "63"]
[EventDate "2011.10.01"]
[EventType "swiss"]
[EventRounds "7"]
[EventCountry "ESP"]
[SourceTitle "EXT 2024"]
[Source "ChessBase"]
[SourceDate "2023.10.10"]
[SourceVersion "1"]
[SourceVersionDate "2023.10.10"]
[SourceQuality "1"]

1. d4 Nf6 2. c4 e6 3. Nc3 Bb4 4. f3 d5 5. a3 Bxc3+ 6. bxc3 c5 7. e3 Qc7 8. cxd5 Nxd5 9. Bd2 Nc6 10. Bd3 f5 11. Ne2 0-0 12. 0-0 b6 13. Qc2 a5 14. e4 fxe4 15. fxe4 Rxf1+ 16. Rxf1 Nde7 17. Bc4 Ba6 18. Bxe6+ Kh8 19. Bf4 Qd8 20. d5 Bc4 21. Rd1 Qe8 22. Bc7 Qh5 23. Ng3 Qg6 24. Qf2 Nd8 25. Bh3 Qf7 26. Bxb6 Qxf2+ 27. Kxf2 Nb7 28. Ke3 Ng6 29. Bc7 Bb3 30. Rf1 Ba4 31. e5 Nxe5 32. Bxe5 1-0